| 000 | 00843cam a2200253 a 4500 | ||
|---|---|---|---|
| 001 | 000018978 | ||
| 005 | 20200929165907.0 | ||
| 008 | 760506s1981 xxc 000 0 eng d | ||
| 020 | _a0553206249 | ||
| 040 |
_aDO-SdBNP _beng _cLC _dBNPHU |
||
| 050 | 0 | 0 |
_aBF575.G7 _bC64 |
| 082 |
_ann* _bnn* |
||
| 100 | 1 |
_aColgrove, Melba. _940831 |
|
| 245 | 1 | 0 |
_aHow to survive the loss of a love : _b58 things to do when there is nothing to be done / _cMelba Colgrove, Harold H. Bloomfield y Peter McWilliams. |
| 260 |
_aToronto : _bBantam Books, _c1981. |
||
| 300 |
_a119 p. ; _c18 cm. |
||
| 650 | 0 |
_aGrief. _940832 |
|
| 650 | 0 |
_aSeparation (psychology) _940833 |
|
| 650 | 0 |
_aLoss (psychology) _940834 |
|
| 700 | 1 |
_aBloomfield, Harold H., _d1944- _940835 |
|
| 700 | 1 |
_aMcWilliams, Peter. _940836 |
|
| 910 | _aCatalogación derivada / LC | ||
| 049 | _aBNGR | ||
| 999 |
_c18496 _d18496 |
||